Las inteligencias múltiples: cómo estimularlas y desarrollarlas
Gorde:
| Egile nagusia: | |
|---|---|
| Formatua: | Liburua |
| Hizkuntza: | gaztelania |
| Argitaratua: |
Ciudad de México
Alfaomega
2002
|
| Saila: | Alfaomega, 702
|
| Gaiak: | |
| Etiketak: |
Etiketa erantsi
Etiketarik gabe, Izan zaitez lehena erregistro honi etiketa jartzen!
|
MARC
| LEADER | 00000nam a2200000 a 4500 | ||
|---|---|---|---|
| 001 | UCM7570 | ||
| 003 | CL-VaPUC | ||
| 008 | 021227e20020000MX |||||||||||||||||spa|d | ||
| 020 | |a 9701507029 | ||
| 082 | 0 | 4 | |a 153.9 |b ANT |2 21 |
| 100 | |a Antunes, Celso A |e author |9 451897 | ||
| 245 | 1 | 4 | |a Las inteligencias múltiples: cómo estimularlas y desarrollarlas |
| 300 | |a 124 p | ||
| 942 | |c BK | ||
| 945 | |d 20021227 00:00:00 |a vberengu | ||
| 260 | |a Ciudad de México |b Alfaomega |c 2002 | ||
| 650 | 0 | |a Inteligencia |9 267038 | |
| 650 | 0 | |a Desarrollo mental |9 313003 | |
| 650 | 0 | |a Psicología del desarrollo |9 307541 | |
| 650 | 0 | |a Motivación |9 315362 | |
| 650 | 0 | |a Constructivismo |9 268156 | |
| 583 | |a last modification |c 20021227 00:00:00 |k Rodrigo Vera | ||
| 490 | 0 | |a Alfaomega, 702 | |
| 999 | |c 302329 |d 302327 | ||
| 952 | |0 0 |1 0 |4 0 |6 153_900000000000000_ANT_2002 |7 0 |8 A |9 362738 |a BIBMAT |b BIBMAT |c E_DIDACT |d 2019-11-21 |i 3872556 |o 153.9 ANT 2002 |p 3872556 |r 2025-01-07 |w 2019-11-21 |y BK |k MAT | ||
| 952 | |0 0 |1 0 |4 0 |6 153_900000000000000_ANT_2002 |7 0 |8 A |9 362739 |a BIBEDU |b BIBEDU |d 2019-11-21 |i 4182960 |o 153.9 ANT 2002 |p 4182960 |r 2019-11-21 |w 2019-11-21 |y BK |k EBA | ||
| 952 | |0 0 |1 0 |4 0 |6 153_900000000000000_ANT_2002 |7 0 |8 A |9 362740 |a BIBMAT |b BIBMAT |c E_DIDACT |d 2019-11-21 |i 4289781 |o 153.9 ANT 2002 |p 4289781 |r 2025-01-07 |w 2019-11-21 |y BK |k MAT | ||
| 952 | |0 0 |1 0 |4 0 |6 153_900000000000000_ANT_2002 |7 0 |8 A |9 362741 |a BIBMAT |b BIBMAT |c E_DIDACT |d 2019-11-21 |i 445040K |o 153.9 ANT 2002 |p 445040K |r 2025-01-07 |w 2019-11-21 |y BK |k MAT | ||
| 952 | |0 0 |1 0 |4 0 |6 153_900000000000000_ANT_2002 |7 0 |8 A |9 362742 |a BIBMAT |b BIBMAT |c E_DIDACT |d 2019-11-21 |i 4450418 |o 153.9 ANT 2002 |p 4450418 |r 2025-01-07 |w 2019-11-21 |y BK |k MAT | ||
| 952 | |0 0 |1 0 |4 0 |6 153_900000000000000_ANT_2002 |7 0 |8 A |9 362743 |a BIBMAT |b BIBMAT |c E_DIDACT |d 2019-11-21 |i 4452879 |o 153.9 ANT 2002 |p 4452879 |r 2025-01-07 |w 2019-11-21 |y BK |k MAT | ||